000 00887nam a22002297a 4500
001 8808
003 FISKH
005 20251021151431.0
008 251021b cb ||||| |||| 00| 0 eng d
020 _a079808882231
040 _aFISKH
_beng
_cFISKH
_dFISKH
082 _a813.6
100 _aBruns, Emma
245 _aCare bear cousins :
_bA visit to care bears /
_cby Emma Bruns ; illustrated by Cynthia Wasco
260 _aNew York :
_bRandom House,
_c1986.
300 _a10 unnumbered pages :
_bcolor illustrations ;
_c16 cm
505 _aNP
520 _aThe care bear cousins live in the forest for feelings, just down the road from care a lot. Like their cousins, the care bears, they know how to make early leaning concepts delightful and easy experiences for the very youngest children.
700 _aWasco, Cynthia
_eillustrator
942 _2ddc
_cBK
_n0
999 _c8808
_d8808